000 00779nam a2200205Ii 4500
003 JO-AjNU
008 230605s9999||||xx |||||||||||||| ||und||
017 _a2007/3/827
040 _aJO-AjNU
_bara
_erda
_cJO-AjNU
041 _aara
050 1 4 _aRJ506.H9.A44 2008
100 3 _aعامر ، طارق/ م مشارك ربيع محمد ,
_eauthor
_926060
245 0 0 _aتدريب الاطفال ذوي الاضطربات السلوكية
264 3 1 _aعمان:دار اليازوري للنشر ، 2008
300 _a174ص
336 _atext
_btxt
_2rdacontent
337 _aunmediated
_bn
_2rdamedia
338 _avolume
_bnc
_2rdacarrier
650 4 _aالاطفال المعوقون -تعليم- المعوقون-رعاية-السلوك-الجوانب النفسية
_926061
999 _aA9827
_c13395
_d13395